| Tag |
First Indicator |
Second Indicator |
Subfields |
| LEADER |
00000cam a2200000 4500 |
| 001 |
in00000023189 |
| 005 |
20151007064323.0 |
| 008 |
750325s1973 nyu b 00010 eng d |
| 020 |
|
|
|a 0060802812 (pbk. :)
|c $1.50
|
| 035 |
|
|
|a (OCoLC)01237239
|
| 035 |
|
|
|9 AAD9565AM
|
| 040 |
|
|
|c YBM
|d OCL
|d TXA
|d UtOrBLW
|
| 049 |
|
|
|a TXAM
|c [1559003]
|
| 090 |
|
|
|a RC489.G4
|b F3 1973
|
| 100 |
1 |
|
|a Fagan, Joen,
|d 1933-
|
| 245 |
1 |
0 |
|a Life techniques in Gestalt therapy /
|c edited by Joen Fagan and Irma Lee Shepherd.
|
| 264 |
|
1 |
|a New York :
|b Harper and Row,
|c [1973]
|
| 300 |
|
|
|a ix, 207 pages ;
|c 18 cm.
|
| 336 |
|
|
|a text
|b txt
|2 rdacontent
|
| 337 |
|
|
|a unmediated
|b n
|2 rdamedia
|
| 338 |
|
|
|a volume
|b nc
|2 rdacarrier
|
| 490 |
0 |
|
|a Perennial library, P281
|
| 500 |
|
|
|a "This book originally appeared as pt. 2 of Gestalt theory now: theory, techniques, applications."
|
| 504 |
|
|
|a Includes bibliographies.
|
| 650 |
|
0 |
|a Gestalt therapy.
|
| 700 |
1 |
|
|a Shepard, Irma Lee,
|d 1927-
|
| 999 |
|
|
|a MARS
|
| 999 |
f |
f |
|s b0a3b981-f1b1-3893-9087-8a5847a834d7
|i 92010d1c-bd65-3e11-9045-9f2dccf64909
|t 0
|
| 952 |
f |
f |
|p ric
|a Texas A&M University
|b Rellis Campus
|c Joint Library Facility
|d Remote Storage
|t 0
|e RC489.G4 F3 1973
|h Library of Congress classification
|i unmediated -- volume
|m A14805114291
|
| 998 |
f |
f |
|a RC489.G4 F3 1973
|t 0
|l Remote Storage
|